Gares les plus fréquentées d'Europe - Statistiques

Statistiques générales
  • Ce quiz a été pris 156 fois
  • Le résultat moyen est 19 sur 24
Statistiques - réponses
Millions Villes % Correct
245 Paris (Gare du Nord)
99%
150 Paris (Gare de Lyon)
99%
107 Paris (Saint-Lazare)
99%
136 Londres (Bridge)
95%
87 Londres (Euston)
95%
137 Londres (Liverpool Street)
95%
87 Londres (Paddington)
95%
106 Londres (Stratford)
95%
160 Londres (Victoria
95%
177 Londres (Waterloo)
95%
96 Berlin (Friedrichstraße)
94%
120 Berlin (gare centrale)
94%
91 Berlin (Ostkreuz)
94%
117 Madrid
92%
150 Rome
90%
120 Milan
85%
151 Munich
76%
180 Francfort
61%
155 Zurich
61%
196 Hambourg
54%
116 Cologne
46%
90 Dusseldorf
35%
93 Stuttgart
35%
95 Hanovre
16%
Aucun quiz correspondant
Distribution des résultats
% des personnes avec chaque résultat
Percentile par nombre de réponses
Votre historique - résultats
Vous n’avez pas pris ce quiz